000
00294nam a22001337a 4500
008
170306b xxu||||| |||| 00| 0 eng d
020
_a
020710821200299500000006
041
_a
eng
080
_a
5 ED
100
_a
6
101
_a
SHM
245
_a
A GENETICS ODYSSEY
_c
WELLS.S
942
_2
udc
_c
BK
999
_c
6826
_d
6826